[Event "Mitropacup 2006 Women´s section"]
[Site "Brno, Hotel Bobbycentrum"]
[Date "????.??.??"]
[Round "6.3"]
[White "Hodova, Lucie"]
[Black "Machalova, Veronika"]
[Result "1/2-1/2"]
[WhiteElo "2112"]
[BlackElo "2212"]
[PlyCount "75"]
[EventDate "2006.09.07"]

1. e4 c5 2. Nf3 d6 3. d4 cxd4 4. Nxd4 Nf6 5. Nc3 Nc6 6. g3 Nxd4 7. Qxd4 g6 8.
Bg5 Bg7 9. Bg2 O-O 10. Qd2 Qb6 11. Rb1 Be6 12. O-O Rfe8 13. Rfe1 Qa5 14. a4
Rac8 15. Be3 Ng4 16. Bd4 Bxd4 17. Qxd4 Qh5 18. h3 Ne5 19. Qd1 Qxd1 20. Rexd1
Rc5 21. f4 Nc4 22. Nd5 Bxd5 23. Rxd5 Rxd5 24. exd5 Rc8 25. b3 Na3 26. Re1 Kf8
27. c4 Nc2 28. Rc1 Nb4 29. a5 Rc5 30. Ra1 Na6 31. Bf1 Ke8 32. Kf2 Kd7 33. Ke3
h6 34. Be2 Kd8 35. g4 g5 36. Bd3 Nb4 37. Be4 Kd7 38. Ra4 1/2-1/2

[Event "Mitropacup 2006 Women´s section"]
[Site "Brno, Hotel Bobbycentrum"]
[Date "????.??.??"]
[Round "6.3"]
[White "Machalova, Maria"]
[Black "Balkova, Anna"]
[Result "1-0"]
[WhiteElo "2166"]
[BlackElo "2014"]
[PlyCount "117"]
[EventDate "2006.09.07"]

1. c4 e6 2. Nc3 d5 3. d4 c5 4. cxd5 exd5 5. Nf3 Nc6 6. g3 Nf6 7. Bg2 cxd4 8.
Nxd4 Be7 9. O-O O-O 10. Bf4 Bg4 11. h3 Be6 12. Qd2 Qd7 13. Kh2 Rac8 14. Rac1
Nxd4 15. Qxd4 Bc5 16. Qd2 d4 17. Ne4 Nxe4 18. Bxe4 Bxh3 19. Bxb7 Qxb7 20. Kxh3
Rfd8 21. f3 Qd5 22. b3 Qe6+ 23. Kg2 Bb6 24. Rfd1 Rxc1 25. Rxc1 Re8 26. Rc2 Rc8
27. Rxc8+ Qxc8 28. g4 Qc5 29. Qd3 h6 30. Qc4 Qe7 31. a4 a5 32. Bg3 Qe3 33. Bf2
Qe7 34. Qb5 Bc7 35. Bg3 Bxg3 36. Kxg3 Qc7+ 37. Kh3 Qe7 38. Qc4 Kh8 39. Kg3 Qd7
40. Qb5 Qd8 41. Kg2 Qe7 42. Qc4 Kg8 43. Kh3 Kh8 44. Qc8+ Kh7 45. Qf5+ Kg8 46.
Qd3 Qd7 47. e3 Qc6 48. exd4 Qc1 49. Kg2 Qb2+ 50. Kg3 Qa3 51. Qe3 Qd6+ 52. Kh3
Qa6 53. Qe8+ Kh7 54. Qb5 Qa8 55. d5 Qd8 56. Qd3+ Kg8 57. d6 Qd7 58. Qd5 Qd8 59.
Qc6 1-0

[Event "Mitropacup 2006 Women´s section"]
[Site "Brno, Hotel Bobbycentrum"]
[Date "????.??.??"]
[Round "6.4"]
[White "Blazkova, Petra"]
[Black "Gregorova, Zuzana"]
[Result "0-1"]
[WhiteElo "2173"]
[BlackElo "2145"]
[PlyCount "119"]
[EventDate "2006.09.07"]

1. e4 d5 2. exd5 Nf6 3. d4 Nxd5 4. c4 Nb6 5. Nf3 g6 6. Nc3 Bg7 7. c5 Nd5 8. Bc4
c6 9. O-O O-O 10. Re1 Nxc3 11. bxc3 e6 12. Bg5 Qa5 13. Qd2 b6 14. Be7 Re8 15.
Bd6 Ba6 16. Bb3 Nd7 17. Ne5 bxc5 18. Qf4 Nxe5 19. dxe5 Qxc3 20. Rac1 Qd4 21.
Re4 Qb2 22. Rxc5 Bh6 23. Qxh6 Qb1+ 24. Rc1 Qxe4 25. h4 c5 26. Bd1 Qe1+ 27. Kh2
Qxf2 28. Bxc5 Qf5 29. Qe3 Bb7 30. Rc2 Rec8 31. Rd2 Bd5 32. Be7 Qe4 33. Qg5 Rc3
34. Rc2 Qf5 35. Qh6 Qh5 36. Qxh5 gxh5 37. Rf2 Be4 38. Bxh5 Bg6 39. Bf3 Re8 40.
Bf6 Rc2 41. Rf1 h5 42. a4 Rec8 43. Rd1 R2c4 44. a5 Ra4 45. Bb7 Rb8 46. a6 Be4
47. Bxe4 Rxe4 48. Rd7 Ra8 49. Rd3 Kh7 50. Kg3 Ra4 51. Rd7 Kg6 52. Bg5 Rxa6 53.
Rd3 Ra5 54. Bf4 Rc8 55. Kh3 Ra4 56. Bg5 Rac4 57. Rd7 a5 58. Ra7 Ra4 59. Be7 Ra2
60. Bb4 0-1

[Event "Mitropacup 2006 Women´s section"]
[Site "Brno, Hotel Bobbycentrum"]
[Date "????.??.??"]
[Round "6.4"]
[White "Machalova, Erika"]
[Black "Kulovana, Eva"]
[Result "1/2-1/2"]
[WhiteElo "2064"]
[BlackElo "2199"]
[PlyCount "107"]
[EventDate "2006.09.07"]

1. d4 Nf6 2. c4 c5 3. Nf3 cxd4 4. Nxd4 e5 5. Nb5 d5 6. cxd5 Bc5 7. N5c3 O-O 8.
g3 e4 9. Bg2 Qe7 10. Be3 Bxe3 11. fxe3 Rd8 12. Qa4 Bf5 13. O-O Bg6 14. Nd2 Nbd7
15. d6 Qxd6 16. Ncxe4 Nxe4 17. Nxe4 Qe7 18. Rad1 a6 19. Qd4 Ne5 20. Qc5 Re8 21.
Qxe7 Rxe7 22. Nd6 h5 23. Nxb7 Rb8 24. Rd8+ Rxd8 25. Nxd8 Rd7 26. Nc6 Nxc6 27.
Bxc6 Rd2 28. Bb7 Rxb2 29. Bxa6 Rxa2 30. Bd3 Bxd3 31. exd3 Rd2 32. d4 Re2 33.
Rf3 Kf8 34. h4 Ke7 35. Kf1 Ra2 36. Rf2 Ra8 37. Ke2 g6 38. Kf3 Ra1 39. Ke4 Rg1
40. Rf3 Ra1 41. Ke5 Ra6 42. d5 f6+ 43. Kd4 Ra4+ 44. Kc5 Ra5+ 45. Kc6 Ra6+ 46.
Kb5 Ra3 47. Kb4 Rd3 48. Kc4 Ra3 49. Kc5 Ra5+ 50. Kd4 Ra4+ 51. Kd3 Ra3+ 52. Ke2
Ra2+ 53. Kf1 f5 54. Rf2 1/2-1/2

[Event "Mitropacup 2006 Women´s section"]
[Site "Brno, Hotel Bobbycentrum"]
[Date "????.??.??"]
[Round "6.5"]
[White "Gheorghe, Corina"]
[Black "Ohme, Melanie"]
[Result "1/2-1/2"]
[WhiteElo "2257"]
[BlackElo "2123"]
[PlyCount "109"]
[EventDate "2006.09.07"]

1. e4 c5 2. Nf3 e6 3. d4 cxd4 4. Nxd4 a6 5. Nc3 b5 6. Bd3 Qb6 7. Nf3 Nc6 8. O-O
Qb8 9. Bg5 Bd6 10. Bh4 Nge7 11. Bg3 Bxg3 12. hxg3 Ng6 13. Qd2 O-O 14. a3 Bb7
15. b4 Qc7 16. Nd1 Nce5 17. Nxe5 Qxe5 18. c3 Qd6 19. Qe2 f5 20. f4 fxe4 21.
Bxe4 Bxe4 22. Qxe4 Rac8 23. Qe3 Ne7 24. Rc1 Nd5 25. Qd2 Rc7 26. Rf3 a5 27. Ne3
Qb6 28. Kf1 Nxe3+ 29. Qxe3 Qxe3 30. Rxe3 axb4 31. axb4 g5 32. Rf3 gxf4 33. gxf4
Rc4 34. g3 Rfc8 35. Rd1 Rxc3 36. Rxc3 Rxc3 37. Rxd7 Rxg3 38. Rb7 Rf3+ 39. Kg2
Rxf4 40. Rxb5 Kf7 41. Rb7+ Kg6 42. Re7 Kf6 43. Rxh7 Rxb4 44. Kf3 Kg6 45. Ra7
Kf5 46. Rf7+ Ke5 47. Re7 Rb3+ 48. Ke2 Kf5 49. Re8 e5 50. Rh8 Ke4 51. Rh4+ Kd5
52. Ra4 Rh3 53. Rb4 Ra3 54. Rh4 e4 55. Rh8 1/2-1/2

[Event "Mitropacup 2006 Women´s section"]
[Site "Brno, Hotel Bobbycentrum"]
[Date "????.??.??"]
[Round "6.5"]
[White "Hoolt, Sarah"]
[Black "Padurariu, Ioana-Smaranda"]
[Result "1/2-1/2"]
[WhiteElo "2122"]
[BlackElo "2221"]
[PlyCount "51"]
[EventDate "2006.09.07"]

1. e4 e6 2. d4 d5 3. Nc3 Nf6 4. e5 Nfd7 5. f4 c5 6. Nf3 Nc6 7. Be3 a6 8. Qd2 b5
9. a3 Rb8 10. Qf2 Qb6 11. dxc5 Bxc5 12. Bxc5 Nxc5 13. Be2 Na4 14. Nxa4 bxa4 15.
Qxb6 Rxb6 16. Rb1 a5 17. Kd2 Bd7 18. b3 axb3 19. Rxb3 Rxb3 20. cxb3 Ke7 21. Rb1
Rb8 22. Ke3 f6 23. Bd3 fxe5 24. Nxe5 Nxe5 25. fxe5 h6 26. Rb2 1/2-1/2

[Event "Mitropacup 2006 Women´s section"]
[Site "Brno, Hotel Bobbycentrum"]
[Date "????.??.??"]
[Round "7.1"]
[White "Ohme, Melanie"]
[Black "Medunova, Vera"]
[Result "1/2-1/2"]
[WhiteElo "2123"]
[BlackElo "2172"]
[PlyCount "107"]
[EventDate "2006.09.07"]

1. e4 c5 2. Nc3 Nc6 3. Nf3 d6 4. Bb5 Bd7 5. Bxc6 Bxc6 6. d4 cxd4 7. Qxd4 h6 8.
O-O e5 9. Qd3 Nf6 10. b3 Be7 11. Rd1 O-O 12. a4 Qc8 13. Ba3 Rd8 14. Nd2 Qe6 15.
Nb5 Rd7 16. c4 Ne8 17. Nf1 g6 18. Ne3 b6 19. Nd5 Bf8 20. Qh3 Qxh3 21. gxh3 Bxd5
22. exd5 f5 23. Re1 Bg7 24. Bb2 a6 25. Nc3 Rb8 26. f3 Kf7 27. Re2 Nc7 28. Kg2
Bf6 29. Kg3 Ne8 30. Rc2 Ng7 31. Ne2 b5 32. cxb5 axb5 33. a5 b4 34. Rc6 Ne8 35.
Ra4 Nc7 36. Bc1 f4+ 37. Kf2 Nxd5 38. Bd2 Bd8 39. Nc1 Ra8 40. a6 Bb6+ 41. Ke2
Bc5 42. Nd3 Rc7 43. Rxc7+ Nxc7 44. Bxb4 Rxa6 45. Bxc5 dxc5 46. Nxe5+ Ke6 47.
Rxa6+ Nxa6 48. Nxg6 Kf5 49. Ne7+ Ke5 50. Kd3 Nc7 51. Nc6+ Kd5 52. Ne7+ Ke5 53.
Nc6+ Kd5 54. Ne7+ 1/2-1/2

[Event "Mitropacup 2006 Women´s section"]
[Site "Brno, Hotel Bobbycentrum"]
[Date "????.??.??"]
[Round "7.1"]
[White "Zavadilova, Jana"]
[Black "Hoolt, Sarah"]
[Result "0-1"]
[WhiteElo "2057"]
[BlackElo "2122"]
[PlyCount "62"]
[EventDate "2006.09.07"]

1. d4 Nf6 2. c4 g6 3. Nc3 d5 4. e3 Bg7 5. Nf3 O-O 6. b3 c5 7. Bb2 Nc6 8. Be2
cxd4 9. exd4 Bf5 10. O-O Rc8 11. Rc1 Bh6 12. Ra1 dxc4 13. bxc4 Na5 14. Ne5 Nd7
15. Nxd7 Qxd7 16. g4 Nxc4 17. gxf5 Nxb2 18. Qb3 Qxd4 19. Nd5 Bg5 20. fxg6 hxg6
21. Qxb7 Rb8 22. Qc6 e6 23. Nc7 Qe5 24. Ba6 Rb6 25. Qc2 Bf4 26. Rab1 Qg5+ 27.
Kh1 Qh4 28. f3 Rd8 29. Rf2 Nd1 30. Re2 Rxb1 31. Qxb1 Nf2+ 0-1

[Event "Mitropacup 2006 Women´s section"]
[Site "Brno, Hotel Bobbycentrum"]
[Date "????.??.??"]
[Round "7.2"]
[White "Gregorova, Zuzana"]
[Black "Gheorghe, Corina"]
[Result "0-1"]
[WhiteElo "2145"]
[BlackElo "2257"]
[PlyCount "46"]
[EventDate "2006.09.07"]

1. Nf3 c5 2. g3 g6 3. Bg2 Bg7 4. O-O Nc6 5. d3 e5 6. e4 Nge7 7. c4 d6 8. Nc3
O-O 9. Nh4 Nd4 10. f4 exf4 11. Bxf4 Nec6 12. Qd2 Be6 13. Nf3 a6 14. Ng5 Rb8 15.
Nxe6 fxe6 16. Bg5 Qc7 17. Rab1 b5 18. b3 Qa5 19. Bf4 e5 20. Nd5 exf4 21. Qxa5
Nxa5 22. Nxf4 Nac6 23. Rbd1 Be5 0-1

[Event "Mitropacup 2006 Women´s section"]
[Site "Brno, Hotel Bobbycentrum"]
[Date "????.??.??"]
[Round "7.2"]
[White "Padurariu, Ioana-Smaranda"]
[Black "Machalova, Erika"]
[Result "1-0"]
[WhiteElo "2221"]
[BlackElo "2064"]
[PlyCount "61"]
[EventDate "2006.09.07"]

1. e4 c5 2. Nc3 Nc6 3. f4 g6 4. Nf3 Bg7 5. Bb5 Nd4 6. O-O e6 7. Nxd4 cxd4 8.
Ne2 Ne7 9. Kh1 O-O 10. Bd3 d6 11. b3 f5 12. Bb2 e5 13. c4 Qb6 14. Ba3 Qc7 15.
Rc1 Be6 16. Qc2 fxe4 17. Bxe4 Bg4 18. Qd3 Bh6 19. fxe5 dxe5 20. Ng3 Be6 21. h4
Kg7 22. h5 Rh8 23. Kg1 Bf4 24. Ne2 Bh6 25. Nxd4 Qd7 26. Nxe6+ Qxe6 27. Bb2 Rhd8
28. Qg3 Rxd2 29. Bxe5+ Kg8 30. Rf6 Qd7 31. hxg6 1-0

[Event "Mitropacup 2006 Women´s section"]
[Site "Brno, Hotel Bobbycentrum"]
[Date "????.??.??"]
[Round "7.3"]
[White "Machalova, Veronika"]
[Black "Blazkova, Petra"]
[Result "1/2-1/2"]
[WhiteElo "2212"]
[BlackElo "2173"]
[PlyCount "57"]
[EventDate "2006.09.07"]

1. e4 d5 2. exd5 Qxd5 3. Nc3 Qa5 4. d4 Nf6 5. Nf3 Nc6 6. Bb5 Bd7 7. O-O O-O-O
8. Qe2 a6 9. Bxc6 Bxc6 10. Ne5 Be8 11. Be3 e6 12. a3 Nd5 13. Ne4 Nxe3 14. fxe3
f6 15. Nd3 Qh5 16. Qxh5 Bxh5 17. Nec5 Re8 18. b4 e5 19. d5 Bxc5 20. Nxc5 b6 21.
Na4 Rd8 22. e4 Rhf8 23. Rf2 f5 24. exf5 Rxd5 25. h3 Rfd8 26. Nc3 Rd2 27. g4 Bf7
28. Re1 Bc4 29. Rxe5 1/2-1/2

[Event "Mitropacup 2006 Women´s section"]
[Site "Brno, Hotel Bobbycentrum"]
[Date "????.??.??"]
[Round "7.3"]
[White "Kulovana, Eva"]
[Black "Machalova, Maria"]
[Result "1/2-1/2"]
[WhiteElo "2199"]
[BlackElo "2166"]
[PlyCount "210"]
[EventDate "2006.09.07"]

1. e4 c5 2. Nf3 Nc6 3. d4 cxd4 4. Nxd4 g6 5. c4 Bg7 6. Be3 Nf6 7. Nc3 d6 8. Be2
O-O 9. O-O Bd7 10. Qd2 Nxd4 11. Bxd4 Bc6 12. Bd3 a5 13. Rae1 Nd7 14. Bxg7 Kxg7
15. Re3 h6 16. Rh3 Rh8 17. Bb1 Qb6 18. Kh1 Qc5 19. b3 Qe5 20. f4 Qf6 21. Kg1 b6
22. Re3 Nc5 23. Ne2 e5 24. f5 g5 25. Nc3 Ra7 26. Rg3 Kf8 27. Bc2 Qd8 28. a3 f6
29. Rd1 Nb7 30. Rd3 Be8 31. b4 Kg7 32. Bb3 Bc6 33. Qc2 Qc7 34. Qf2 Raa8 35. Qf3
Rab8 36. Nd5 Bxd5 37. Rxd5 Rhd8 38. Qh5 Qf7 39. Qxf7+ Kxf7 40. c5 bxc5 41.
Rxd6+ Kg7 42. Rd7+ Rxd7 43. Rxd7+ Kh8 44. b5 a4 45. Bxa4 c4 46. Rc7 Nd6 47. Rc6
Nxb5 48. Bxb5 Rxb5 49. Rxc4 Rb2 50. a4 Ra2 51. Kf1 h5 52. h4 gxh4 53. Kg1 Kg7
54. Rc7+ Kh6 55. Ra7 Kg5 56. Ra6 Re2 57. a5 Rxe4 58. Kf2 Kxf5 59. Ra8 Ra4 60.
a6 Ra2+ 61. Kf1 Ra3 62. a7 Ra2 63. Kg1 Ke4 64. Rh8 Rxa7 65. Rxh5 f5 66. Rxh4+
f4 67. Rh3 Rd7 68. Kf2 Rd2+ 69. Kf1 Rd3 70. Rh8 Ke3 71. Rh3+ Kd2 72. Rh2 Kd1
73. Rh4 Rd4 74. Rg4 Kd2 75. Rh4 Rd3 76. Rh2 Ke3 77. Rh3+ Kd4 78. Rh8 Ra3 79.
Rb8 Rc3 80. Ke2 Ke4 81. Rb4+ Kf5 82. Ra4 Rc2+ 83. Kf1 Rd2 84. Rb4 e4 85. Rb5+
Kg4 86. Rb8 Rd5 87. Re8 e3 88. Rg8+ Kf5 89. Re8 Kg4 90. Rg8+ Rg5 91. Rf8 Kg3
92. Rf7 Rg4 93. Re7 Rg5 94. Re8 Kg4 95. Re7 Ra5 96. Re8 Kf5 97. Ke2 Ra2+ 98.
Kf1 Rf2+ 99. Kg1 Rd2 100. Kf1 Rd5 101. Ke2 Rd2+ 102. Kf1 Kg4 103. Rg8+ Kf5 104.
Re8 Rd4 105. Ke2 Rd2+ 1/2-1/2

[Event "Mitropacup 2006 Women´s section"]
[Site "Brno, Hotel Bobbycentrum"]
[Date "????.??.??"]
[Round "7.4"]
[White "Rozic, Vesna"]
[Black "Hodova, Lucie"]
[Result "1/2-1/2"]
[WhiteElo "2252"]
[BlackElo "2112"]
[PlyCount "63"]
[EventDate "2006.09.07"]

1. d4 Nf6 2. Nf3 c5 3. c3 e6 4. Bg5 Be7 5. e3 d6 6. Nbd2 Nbd7 7. Bd3 b6 8. O-O
Bb7 9. Qe2 O-O 10. Rfe1 Qc7 11. h3 Rfe8 12. e4 g6 13. Nf1 Bf8 14. Ng3 Bg7 15.
Rad1 a6 16. a4 Bc6 17. Bc2 b5 18. Ra1 Qb7 19. a5 Qc7 20. b4 Rac8 21. Bd3 cxb4
22. cxb4 Bb7 23. Rac1 Qb8 24. Rxc8 Rxc8 25. Bd2 Qa7 26. Rc1 Qa8 27. Qe1 Qb8 28.
Rxc8+ Qxc8 29. Qe3 Qc7 30. Qg5 Bc6 31. Qe3 Bb7 32. Qg5 1/2-1/2

[Event "Mitropacup 2006 Women´s section"]
[Site "Brno, Hotel Bobbycentrum"]
[Date "????.??.??"]
[Round "7.4"]
[White "Balkova, Anna"]
[Black "Novak, Ksenija"]
[Result "1-0"]
[WhiteElo "2014"]
[BlackElo "2169"]
[PlyCount "79"]
[EventDate "2006.09.07"]

1. e4 c5 2. Nf3 e6 3. d4 cxd4 4. Nxd4 Nf6 5. Bd3 Nc6 6. Nxc6 dxc6 7. O-O e5 8.
h3 Bc5 9. Nd2 O-O 10. Nc4 Qc7 11. Bg5 Be7 12. Qf3 b5 13. Ne3 Ne8 14. Bxe7 Qxe7
15. Nf5 Qf6 16. a4 b4 17. b3 g6 18. Qg3 a5 19. Rad1 Kh8 20. Ne3 Qe7 21. Nc4 f6
22. Rd2 Nc7 23. Rfd1 Ne6 24. Bf1 Nd4 25. Qh2 Be6 26. Nxe5 c5 27. Nd3 Nxc2 28.
Rxc2 Bxb3 29. Rdc1 Bxc2 30. Rxc2 Qxe4 31. Rxc5 b3 32. Rc7 Qxa4 33. Qd6 Qe8 34.
Re7 Qd8 35. Rd7 Qe8 36. Qc7 Qxd7 37. Qxd7 a4 38. Nc5 b2 39. Ne6 Rg8 40. Qf7 1-0

[Event "Mitropacup 2006 Women´s section"]
[Site "Brno, Hotel Bobbycentrum"]
[Date "????.??.??"]
[Round "7.5"]
[White "Delorme, Laurie"]
[Black "Franciskovic, Borka"]
[Result "0-1"]
[WhiteElo "2068"]
[BlackElo "2160"]
[PlyCount "56"]
[EventDate "2006.09.07"]

1. e4 c6 2. d4 d5 3. e5 Bf5 4. Nf3 e6 5. a3 Nd7 6. Be2 Ne7 7. O-O Bg6 8. c4
dxc4 9. Bxc4 Nd5 10. Nc3 Be7 11. Nxd5 cxd5 12. Bd3 O-O 13. Bxg6 hxg6 14. Qd3
Rc8 15. g3 Nb6 16. h4 Qc7 17. Bg5 Bxg5 18. hxg5 Qc2 19. Qe3 Nc4 20. Qf4 Qe4 21.
Kg2 Qxf4 22. gxf4 Nxb2 23. Rh1 Rc2 24. Ra2 Rfc8 25. Ne1 Rd2 26. Nf3 Re2 27. Ne1
Rc1 28. Nd3 Nxd3 0-1

[Event "Mitropacup 2006 Women´s section"]
[Site "Brno, Hotel Bobbycentrum"]
[Date "????.??.??"]
[Round "7.5"]
[White "Solic, Kristina"]
[Black "Benard, Anne-Laurie"]
[Result "1/2-1/2"]
[WhiteElo "2156"]
[BlackElo "2046"]
[PlyCount "55"]
[EventDate "2006.09.07"]

1. e4 c5 2. Nf3 g6 3. d4 cxd4 4. Nxd4 Bg7 5. Nc3 Nc6 6. Nde2 Nf6 7. g3 O-O 8.
Bg2 d6 9. O-O Be6 10. a4 Qc8 11. Nf4 Bg4 12. f3 Bd7 13. Ncd5 Nxd5 14. exd5 Ne5
15. Kh1 Bf5 16. c3 Nc4 17. Nd3 Bh3 18. Bxh3 Qxh3 19. Ra2 Qf5 20. b3 Ne5 21.
Nxe5 Bxe5 22. c4 b6 23. Re2 Rac8 24. Kg2 Rc7 25. Qd2 Rfc8 26. Rfe1 Qf6 27. Re3
Qg5 28. Qd3 1/2-1/2

[Event "Mitropacup 2006 Women´s section"]
[Site "Brno, Hotel Bobbycentrum"]
[Date "????.??.??"]
[Round "8.1"]
[White "Medunova, Vera"]
[Black "Franciskovic, Borka"]
[Result "1-0"]
[WhiteElo "2172"]
[BlackElo "2160"]
[PlyCount "103"]
[EventDate "2006.09.07"]

1. e4 c6 2. d4 d5 3. e5 Bf5 4. Nc3 e6 5. g4 Bg6 6. Nge2 Ne7 7. Be3 h5 8. Nf4
hxg4 9. Nxg6 Nxg6 10. Bd3 Nh4 11. Qxg4 g6 12. O-O-O Be7 13. f4 Nd7 14. Bf2 Qa5
15. Kb1 O-O-O 16. Ne2 Kb8 17. Nc1 Rh7 18. h3 Rdh8 19. Rh2 Rh5 20. Nb3 Qc7 21.
c3 c5 22. c4 dxc4 23. Bxc4 cxd4 24. Rc1 Qc6 25. Nxd4 Qe4+ 26. Ka1 Rc8 27. a3 b6
28. Re1 Qb7 29. Qe2 Rxc4 30. Qxc4 Nf3 31. Nxf3 Qxf3 32. Qe4 Qb3 33. Qe3 Qb5 34.
Qd2 Rh8 35. Rc1 Rd8 36. Qc2 Nc5 37. Bxc5 Bxc5 38. Rd2 Rc8 39. Ka2 a5 40. Qd3
Qa4 41. Rc4 Qb5 42. Qc2 Rh8 43. Rd3 Kb7 44. Qg2+ Kb8 45. Qe4 Rc8 46. Rb3 Qd7
47. Rbc3 Rd8 48. Rc2 Rh8 49. Qf3 Rd8 50. Rxc5 bxc5 51. Rxc5 Rc8 52. Qb3+ 1-0

[Event "Mitropacup 2006 Women´s section"]
[Site "Brno, Hotel Bobbycentrum"]
[Date "????.??.??"]
[Round "8.1"]
[White "Solic, Kristina"]
[Black "Zavadilova, Jana"]
[Result "1-0"]
[WhiteElo "2156"]
[BlackElo "2057"]
[PlyCount "79"]
[EventDate "2006.09.07"]

1. e4 c6 2. Nc3 d5 3. Nf3 dxe4 4. Nxe4 Bf5 5. Ng3 Bg6 6. h4 h6 7. Ne5 Bh7 8.
Qh5 g6 9. Bc4 e6 10. Qe2 Qe7 11. d4 Bg7 12. Bd2 Nf6 13. O-O-O Nbd7 14. f4 Nd5
15. Ne4 O-O-O 16. Nxf7 Bxd4 17. Nxd8 Rxd8 18. c3 Bb6 19. Rde1 Rf8 20. g3 Kb8
21. Rhf1 Bg8 22. Nf2 Nc7 23. Ng4 Qg7 24. Ne5 Nf6 25. Bd3 Bh7 26. Be3 Bxe3+ 27.
Qxe3 Rd8 28. Rd1 Ncd5 29. Qf3 Rg8 30. a3 Qc7 31. c4 Nb6 32. Rfe1 Na4 33. Bc2
Nc5 34. Qe3 Na6 35. Qd4 c5 36. Nd7+ Nxd7 37. Qxd7 b6 38. Rxe6 Rg7 39. Qe8+ Kb7
40. Be4+ 1-0

[Event "Mitropacup 2006 Women´s section"]
[Site "Brno, Hotel Bobbycentrum"]
[Date "????.??.??"]
[Round "8.2"]
[White "Hodova, Lucie"]
[Black "Delorme, Laurie"]
[Result "0-1"]
[WhiteElo "2112"]
[BlackElo "2068"]
[PlyCount "126"]
[EventDate "2006.09.07"]

1. e4 e5 2. Nf3 Nc6 3. Bb5 a6 4. Ba4 Nf6 5. O-O Be7 6. Re1 b5 7. Bb3 O-O 8. h3
d6 9. c3 Na5 10. Bc2 c5 11. d4 Qc7 12. Nbd2 cxd4 13. cxd4 Nc6 14. Nb3 a5 15.
Be3 a4 16. Nbd2 Bd7 17. Rc1 Rac8 18. a3 Qb8 19. Qe2 Na5 20. Bd3 g6 21. Bg5 Kg7
22. Qe3 Ng8 23. dxe5 dxe5 24. Bxe7 Nxe7 25. Rc5 f6 26. Rec1 Nb7 27. R5c3 Rxc3
28. Rxc3 Rc8 29. Bf1 Rxc3 30. Qxc3 Qc8 31. Qd3 Qc6 32. b4 axb3 33. Nxb3 Be6 34.
Nfd2 Nd6 35. Qe3 Nec8 36. Nc5 Bf7 37. Qc3 Nc4 38. Ncb3 N8d6 39. Bd3 Qa8 40.
Bxc4 bxc4 41. Nc5 Nb5 42. Qb4 Nxa3 43. Nd7 Qd8 44. Nb6 Nc2 45. Qa5 Qd4 46. Nd5
Qd3 47. Qc3 Bxd5 48. Qxd3 cxd3 49. exd5 Kf7 50. Nb1 Nd4 51. Kf1 Ke7 52. Nc3 f5
53. f3 Nc2 54. Kf2 Kd6 55. g4 f4 56. h4 Ne3 57. Ke1 Ng2+ 58. Kd2 Nxh4 59. Kxd3
Nxf3 60. Ne4+ Kxd5 61. Nf6+ Ke6 62. Nxh7 Kf7 63. Ke4 Kg7 0-1

[Event "Mitropacup 2006 Women´s section"]
[Site "Brno, Hotel Bobbycentrum"]
[Date "????.??.??"]
[Round "8.2"]
[White "Benard, Anne-Laurie"]
[Black "Balkova, Anna"]
[Result "1/2-1/2"]
[WhiteElo "2046"]
[BlackElo "2014"]
[PlyCount "140"]
[EventDate "2006.09.07"]

1. e4 c5 2. Nc3 e6 3. f4 Nc6 4. Nf3 g6 5. Bb5 Bg7 6. Bxc6 dxc6 7. d3 Ne7 8. Be3
b6 9. O-O O-O 10. a4 a5 11. Qe1 Qc7 12. b3 Ba6 13. Rd1 Rad8 14. Nb1 Rd7 15. Qh4
Rdd8 16. Nbd2 Nc8 17. Nc4 Bxc4 18. bxc4 Nd6 19. Nd2 Rd7 20. Rf3 Qd8 21. Qh3 Qe7
22. Rb1 Rb7 23. Qg3 Qd7 24. Qf2 Rd8 25. Rh3 Qe7 26. Nf3 Ne8 27. Rb3 Rbb8 28.
Ng5 h6 29. Nf3 Kh7 30. Qd2 Nf6 31. Qc1 Ng4 32. Bd2 Qd7 33. e5 h5 34. Bc3 Kg8
35. Qb2 Qc7 36. Nd2 b5 37. axb5 a4 38. b6 Qb7 39. Ra3 Qa6 40. Qa1 Qxb6 41. Rxa4
Rd7 42. Rf3 Rdb7 43. Nb3 Qd8 44. h3 Nh6 45. Qf1 Bf8 46. Ra1 Nf5 47. Qf2 Qe7 48.
Ra5 Qc7 49. Ra1 Qe7 50. Nd2 Ra7 51. Qe1 Rxa1 52. Qxa1 Qb7 53. Nb3 Ra8 54. Qd1
Qd7 55. Qb1 Nd4 56. Bxd4 cxd4 57. Nd2 Qa7 58. Ne4 Be7 59. Qd1 Qa2 60. Rf1 Qb2
61. Qb1 Ra2 62. Qxb2 Rxb2 63. Rc1 Ra2 64. c5 Ra5 65. Kf2 Bxc5 66. Nxc5 Rxc5 67.
Ke2 Kg7 68. Kd2 f6 69. exf6+ Kxf6 70. Re1 Rf5 1/2-1/2

[Event "Mitropacup 2006 Women´s section"]
[Site "Brno, Hotel Bobbycentrum"]
[Date "????.??.??"]
[Round "8.3"]
[White "Blazkova, Petra"]
[Black "Rozic, Vesna"]
[Result "0-1"]
[WhiteElo "2173"]
[BlackElo "2252"]
[PlyCount "84"]
[EventDate "2006.09.07"]

1. e4 e6 2. d4 d5 3. e5 c5 4. Nf3 Qb6 5. Bd3 Bd7 6. O-O Bb5 7. Bxb5+ Qxb5 8.
Na3 Qa6 9. c4 dxc4 10. d5 Ne7 11. dxe6 fxe6 12. Ng5 Nf5 13. Qf3 Nd7 14. Rd1
O-O-O 15. Nf7 Be7 16. Nxh8 Rxh8 17. Qe4 Nb6 18. Nc2 h5 19. Be3 Rf8 20. Rac1 Nd5
21. Na3 c3 22. Nc4 cxb2 23. Nxb2 Nfxe3 24. fxe3 Qe2 25. Nc4 Nc3 26. Rd2 Qxd2
27. Nxd2 Nxe4 28. Nxe4 b6 29. Rd1 Rf5 30. Nc3 a6 31. e4 Rf4 32. g3 Rf3 33. Rc1
Kc7 34. Kg2 Rd3 35. Rc2 Bg5 36. Kh3 Rd2 37. Rxd2 Bxd2 38. Nb1 Bb4 39. a3 Ba5
40. Kh4 c4 41. a4 Bb4 42. Kxh5 c3 0-1

[Event "Mitropacup 2006 Women´s section"]
[Site "Brno, Hotel Bobbycentrum"]
[Date "????.??.??"]
[Round "8.3"]
[White "Novak, Ksenija"]
[Black "Kulovana, Eva"]
[Result "1-0"]
[WhiteElo "2169"]
[BlackElo "2199"]
[PlyCount "85"]
[EventDate "2006.09.07"]

1. e4 e5 2. Nf3 Nf6 3. Nxe5 d6 4. Nf3 Nxe4 5. Nc3 Nxc3 6. dxc3 Be7 7. Be3 Nc6
8. Qd2 Be6 9. Be2 Qd7 10. Ng5 Bf5 11. O-O-O h6 12. Nf3 Be6 13. Kb1 a6 14. Nd4
Nxd4 15. Bxd4 Rg8 16. c4 O-O-O 17. Qc3 g5 18. c5 Qc6 19. Bf3 d5 20. g3 g4 21.
Bg2 Bf5 22. Rhe1 Be4 23. f3 gxf3 24. Bxf3 f5 25. Be2 Rdf8 26. Be3 Bf6 27. Bd4
Bg5 28. Rf1 f4 29. h4 Be7 30. gxf4 Bxh4 31. Qh3+ Kb8 32. Qxh4 Qe6 33. Be5 Rg2
34. Bd3 Bxd3 35. cxd3 d4 36. Rg1 Rxg1 37. Rxg1 Qd5 38. Qe7 Rc8 39. Qg7 Qxc5 40.
Qxh6 a5 41. Qg6 a4 42. Qe4 a3 43. Qxd4 1-0

[Event "Mitropacup 2006 Women´s section"]
[Site "Brno, Hotel Bobbycentrum"]
[Date "????.??.??"]
[Round "8.4"]
[White "Gheorghe, Corina"]
[Black "Machalova, Veronika"]
[Result "1-0"]
[WhiteElo "2257"]
[BlackElo "2212"]
[PlyCount "163"]
[EventDate "2006.09.07"]

1. e4 c5 2. Nf3 Nc6 3. d4 cxd4 4. Nxd4 Nf6 5. Nc3 d6 6. f3 e6 7. Be3 a6 8. Qd2
Qc7 9. g4 Be7 10. O-O-O Nxd4 11. Qxd4 e5 12. Qd2 Be6 13. Nd5 Bxd5 14. exd5 Rc8
15. Kb1 Nd7 16. Bd3 Nb6 17. Qa5 Nc4 18. Qxc7 Rxc7 19. Bc1 Nb6 20. Be4 Bh4 21.
Rhf1 h6 22. f4 exf4 23. Bxf4 Ke7 24. b3 Rc3 25. Rf3 Rhc8 26. Rdf1 Rxf3 27. Rxf3
Bf6 28. c4 Nd7 29. Bf5 Rc7 30. Bxd7 Kxd7 31. Bxh6 Ke8 32. Re3+ Kd7 33. Bf4 Rc8
34. g5 Bd4 35. Re4 Bc5 36. h4 Rh8 37. Bg3 Ba3 38. Kc2 Rh5 39. Kd3 Bc5 40. Ke2
Rh8 41. Kf3 Rh5 42. Kg4 g6 43. Be1 Rh7 44. Kg3 Rh8 45. Bc3 Re8 46. Rxe8 Kxe8
47. Kg4 Kd7 48. h5 gxh5+ 49. Kxh5 Ke7 50. Kg4 Be3 51. Kf5 Bc5 52. Ke4 Ba3 53.
b4 Bc1 54. Bf6+ Kd7 55. Kd3 Kc7 56. c5 Kd7 57. Kc4 Be3 58. a4 Bf4 59. Kd3 Bc1
60. Kc3 Be3 61. Kc4 Bf4 62. b5 axb5+ 63. Kxb5 dxc5 64. Kxc5 Be3+ 65. Kc4 Kd6
66. Bd8 Bc1 67. Kd4 Kd7 68. Bf6 Kd6 69. Ke4 Bd2 70. Be5+ Kc5 71. Bf4 Ba5 72.
Bc1 Bd8 73. Bd2 Bc7 74. Be3+ Kc4 75. Bd4 b5 76. axb5 Kxb5 77. Be5 Bd8 78. Bf6
Bc7 79. Be7 Bg3 80. Kf5 Bh4 81. Kf6 Kb6 82. Kxf7 1-0

[Event "Mitropacup 2006 Women´s section"]
[Site "Brno, Hotel Bobbycentrum"]
[Date "????.??.??"]
[Round "8.4"]
[White "Machalova, Maria"]
[Black "Padurariu, Ioana-Smaranda"]
[Result "0-1"]
[WhiteElo "2166"]
[BlackElo "2221"]
[PlyCount "60"]
[EventDate "2006.09.07"]

1. c4 e5 2. Nc3 Nc6 3. g3 g6 4. Bg2 Bg7 5. e3 d6 6. Nge2 h5 7. h4 Bg4 8. Qa4
Nge7 9. d4 exd4 10. exd4 O-O 11. Be3 Re8 12. O-O-O a6 13. Qc2 b5 14. c5 d5 15.
f3 Bd7 16. Bg5 f6 17. Bf4 b4 18. Nb1 b3 19. Qxb3 Rb8 20. Qe3 Nb4 21. Nec3 Nec6
22. Qf2 Bf5 23. Bf1 Na5 24. Nd2 Qd7 25. b3 Nxa2+ 26. Kb2 Nxc3 27. Kxc3 Nxb3 28.
Bd3 Bxd3 29. Kxd3 Qb5+ 30. Kc2 Qa4 0-1